Characters in Miranda - Statistics

General Stats
  • This quiz has been taken 11 times
  • The average score is 16 of 43
Answer Stats
Hint Answer % Correct
Main (Series 1, 2, 3) Miranda
100%
Main (Series 1, 2, 3) Penny
86%
Main (Series 1, 2, 3) Tilly
86%
Supporting (Series 3) Rose
71%
Main (Series 1, 2, 3) Clive Evans
57%
Recurring (Series 1, 3) Customer
57%
Main (Series 1, 2, 3) Gary Preston
57%
Main (Series 1, 2, 3) Stevie Sutton
57%
Recurring (Series 1, 2, 3) Alison
43%
Recurring (Series 1, 2, 3) Chris
43%
Recurring (Series 2+ 3) Dr Gail
43%
Recurring (Series 1) Fanny
43%
Guest (Series 3) Gary Barlow
43%
Guest (Series 3) Heather Small
43%
Guest (Series 3) Jacinta
43%
Recurring (Series 1, 3) Jason
43%
Supporting (Series 3) Michael Jackford
43%
Guest (Series 1) Robert
43%
Guest (Series 2) Stinky von Tusse
43%
Guest (Series 3) Susan Perb
43%
Guest (Series 3) Valerie Jackford
43%
Guest (Series 1) Amanda Barnes
29%
Guest (Series 1) Colin
29%
Guest (Series 2) Danny
29%
Guest (Series 3) Dick Twist
29%
Guest (Series 3) Helena
29%
Guest (Series 2) Ray
29%
Guest (Series 3) Raymond Blanc
29%
Guest (Series 1) Robert Husband
29%
Guest (Series 2) Rupert
29%
Guest (Series 2) Tamara
29%
Guest (Series 1) Titan
29%
Guest (Series 1, 3) Benji
14%
Guest (Series 2) Charles
14%
Supporting (Series 1, 2, 3) Charles Wynford Vyvyan St. Wedges
14%
Guest (Series 2) Dr Hopkins
14%
Guest (Series 2) Georgina
14%
Guest (Series 2) Jane
14%
Guest (Series 2) Michelle
14%
Recurring (Series 3) Norman
14%
Guest (Series 1) Quentin
14%
Guest (Series 1) Edmund Detorri
0%
Guest (Series 1) Keith Clayton
0%
No matching quizzes found
Score Distribution
Percent of People with Each Score
Percentile by Number Answered
Your Score History
You have not taken this quiz